[Event "Hannover Bezirks op"]
[Site "Hannover"]
[Date "2020.01.25"]
[Round "1.6"]
[White "Nagel, Detlev"]
[Black "Zucker, Stefan"]
[Result "0-1"]
[WhiteElo "1520"]
[BlackElo "1789"]
[PlyCount "62"]
[EventDate "2020.01.25"]
[EventType "swiss"]
[EventRounds "7"]
[EventCountry "GER"]
[SourceTitle "EXT 2023"]
[Source "ChessBase"]
[SourceDate "2022.10.05"]
[SourceVersion "1"]
[SourceVersionDate "2022.10.05"]
[SourceQuality "1"]

1. e4 d5 2. exd5 Qxd5 3. Qf3 Qd6 4. Bc4 Nf6 5. h3 Nc6 6. Bb5 Bd7 7. Qd3 Qc5 8. Qc4 e5 9. Qxc5 Bxc5 10. c3 Ne4 11. d4 exd4 12. Bd3 0-0-0 13. f3 Ng3 14. Rh2 dxc3 15. Ne2 Rhe8 16. Nbxc3 Bg1 17. Rh1 Nxh1 18. Kf1 Bh2 19. Ne4 Nb4 20. Bc4 Bb5 21. Bd2 Bxc4 22. Bxb4 f5 23. g3 fxe4 24. f4 Nxg3+ 25. Kg2 Nxe2 26. Kxh2 Nxf4 27. Rg1 Rd3 28. Rxg7 Rxh3+ 29. Kg1 Rd8 30. Rg4 Rd1+ 31. Kf2 Rf1# 0-1

[Event "Hannover Bezirks op"]
[Site "Hannover"]
[Date "2019.04.27"]
[Round "6.4"]
[White "Walther, Jonas"]
[Black "Zucker, Stefan"]
[Result "0-1"]
[WhiteElo "1781"]
[BlackElo "1874"]
[PlyCount "38"]
[EventDate "2019.01.19"]
[EventType "swiss"]
[EventRounds "7"]
[EventCountry "GER"]
[SourceTitle "EXT 2023"]
[Source "ChessBase"]
[SourceDate "2022.10.05"]
[SourceVersion "1"]
[SourceVersionDate "2022.10.05"]
[SourceQuality "1"]

1. e4 e5 2. Nf3 Nc6 3. Bc4 Nf6 4. Ng5 Bc5 5. Nxf7 Bxf2+ 6. Kf1 Qe7 7. Nxh8 d5 8. exd5 Bg4 9. Be2 Bxe2+ 10. Qxe2 Nd4 11. Qxf2 0-0-0 12. d3 Ng4 13. Qd2 Rf8+ 14. Ke1 Qh4+ 15. g3 Qh3 16. Qd1 Nxh2 17. Be3 Qg2 18. Bxd4 exd4 19. Qe2 Qxh1+ 0-1

[Event "Hannover Bezirks op"]
[Site "Hannover"]
[Date "2019.03.23"]
[Round "4.5"]
[White "Braun, Alexander"]
[Black "Zucker, Stefan"]
[Result "1-0"]
[WhiteElo "1754"]
[BlackElo "1874"]
[PlyCount "57"]
[EventDate "2019.01.19"]
[EventType "swiss"]
[EventRounds "7"]
[EventCountry "GER"]
[SourceTitle "EXT 2023"]
[Source "ChessBase"]
[SourceDate "2022.10.05"]
[SourceVersion "1"]
[SourceVersionDate "2022.10.05"]
[SourceQuality "1"]

1. e4 a6 2. d4 b5 3. Nf3 Bb7 4. Bd3 e6 5. 0-0 c5 6. c3 Nf6 7. Nbd2 c4 8. Bc2 Be7 9. Re1 0-0 10. e5 Nd5 11. Ne4 h6 12. Ng3 Re8 13. Qe2 Qc7 14. Bxh6 gxh6 15. Qe4 Nf6 16. Qh4 Ne4 17. Qg4+ Ng5 18. Nxg5 Bxg5 19. h4 Qd8 20. Ne4 Kh8 21. hxg5 Rg8 22. Qh5 Qf8 23. Nd6 f5 24. exf6 Rxg5 25. Nf7+ Kg8 26. Bh7+ Kxh7 27. Nxg5+ Kh8 28. Nf7+ Kh7 29. Re3 1-0

[Event "Hannover Bezirks op"]
[Site "Hannover"]
[Date "2019.03.02"]
[Round "3.5"]
[White "Zucker, Stefan"]
[Black "Nagel, Detlev"]
[Result "1-0"]
[WhiteElo "1874"]
[BlackElo "1502"]
[PlyCount "49"]
[EventDate "2019.01.19"]
[EventType "swiss"]
[EventRounds "7"]
[EventCountry "GER"]
[SourceTitle "EXT 2023"]
[Source "ChessBase"]
[SourceDate "2022.10.05"]
[SourceVersion "1"]
[SourceVersionDate "2022.10.05"]
[SourceQuality "1"]

1. e4 g6 2. d4 Bg7 3. Nc3 d6 4. Be3 Bd7 5. Bc4 e6 6. Nge2 a6 7. Bb3 Ne7 8. Qd2 0-0 9. Bh6 Nbc6 10. Bxg7 Kxg7 11. h4 h6 12. h5 g5 13. f4 f6 14. 0-0-0 Na5 15. e5 Nxb3+ 16. axb3 g4 17. exf6+ Rxf6 18. Rh4 Qh8 19. Rxg4+ Kf7 20. Ne4 Rf5 21. N2g3 Rb5 22. Rf1 Rg8 23. Rxg8 Qxg8 24. f5 exf5 25. Qxh6 1-0

[Event "Hannover Bezirks op"]
[Site "Hannover"]
[Date "2019.02.16"]
[Round "2.2"]
[White "Kleinschroth, Roland"]
[Black "Zucker, Stefan"]
[Result "1-0"]
[WhiteElo "2092"]
[BlackElo "1874"]
[PlyCount "119"]
[EventDate "2019.01.19"]
[EventType "swiss"]
[EventRounds "7"]
[EventCountry "GER"]
[SourceTitle "EXT 2023"]
[Source "ChessBase"]
[SourceDate "2022.10.05"]
[SourceVersion "1"]
[SourceVersionDate "2022.10.05"]
[SourceQuality "1"]

1. b3 c5 2. Bb2 Nc6 3. Nf3 Nf6 4. c4 e6 5. e3 Be7 6. Be2 Qc7 7. 0-0 0-0 8. d4 d6 9. Nc3 a6 10. d5 Ne5 11. Nd2 exd5 12. Nxd5 Nxd5 13. cxd5 f5 14. f4 Ng4 15. Bxg4 fxg4 16. e4 b5 17. e5 Bf5 18. Qe2 Qb7 19. Rad1 Bc2 20. Rc1 Bg6 21. exd6 Bf6 22. Bxf6 Rxf6 23. Ne4 Bxe4 24. Qxe4 Rxd6 25. Rxc5 Rad8 26. Rd1 Qd7 27. g3 Re8 28. Qd3 Qa7 29. b4 Red8 30. Kf1 Qf7 31. Kg2 Qf6 32. Rd2 h5 33. Qd4 Qf7 34. Qe5 Qg6 35. Rc7 Rf6 36. Rc5 Re8 37. Qb2 Qe4+ 38. Kg1 Qe1+ 39. Kg2 h4 40. gxh4 Rxf4 41. Rc1 Qxh4 42. d6 Qh3+ 43. Kg1 Qe3+ 44. Kg2 Qe4+ 45. Kg1 g3 46. Qb3+ Kf8 47. hxg3 Rf3 48. Qxf3+ Qxf3 49. Rf2 Qxf2+ 50. Kxf2 Kf7 51. Rc6 Ra8 52. Rc7+ Ke6 53. Rxg7 Kxd6 54. Ke3 Kd5 55. Kd3 a5 56. Rg5+ Kc6 57. a3 axb4 58. axb4 Ra3+ 59. Kd4 Rb3 60. Rg6+ 1-0

[Event "Hannover Bezirks op"]
[Site "Hannover"]
[Date "2019.01.19"]
[Round "1.9"]
[White "Zucker, Stefan"]
[Black "Schmerse, Joachim"]
[Result "1-0"]
[WhiteElo "1874"]
[BlackElo "1566"]
[PlyCount "77"]
[EventDate "2019.01.19"]
[EventType "swiss"]
[EventRounds "7"]
[EventCountry "GER"]
[SourceTitle "EXT 2023"]
[Source "ChessBase"]
[SourceDate "2022.10.05"]
[SourceVersion "1"]
[SourceVersionDate "2022.10.05"]
[SourceQuality "1"]

1. e4 e5 2. Nf3 Nc6 3. c3 Nf6 4. d4 exd4 5. e5 Nd5 6. cxd4 Bb4+ 7. Nbd2 d6 8. a3 Ba5 9. b4 Bb6 10. Ne4 h6 11. exd6 cxd6 12. Bc4 Be6 13. Qb3 Nce7 14. Qa4+ Qd7 15. Nxd6+ Kd8 16. Qxd7+ Kxd7 17. Nxb7 Kc6 18. Ba6 Ng6 19. Bd2 Kd7 20. Rc1 Nc7 21. Bd3 Bd5 22. Bxg6 fxg6 23. Ne5+ Ke6 24. Nc5+ Bxc5 25. Rxc5 Kd6 26. Bf4 Rhe8 27. 0-0 Na6 28. Nd3+ Ke6 29. Re1+ Kf5 30. Rxd5+ Kf6 31. Rd6+ Kf7 32. Rxa6 Rxe1+ 33. Nxe1 g5 34. Be5 Kg8 35. Rg6 Rc8 36. Rxg7+ Kf8 37. Rxa7 Rc1 38. Kf1 Ra1 39. Bg7+ 1-0

[Event "Niedersachsen-ch op A"]
[Site "Verden"]
[Date "2018.01.04"]
[Round "1"]
[White "Zucker, Stefan"]
[Black "Eilert, Marius"]
[Result "0-1"]
[WhiteElo "1792"]
[BlackElo "2007"]
[PlyCount "52"]
[EventDate "2018.01.04"]
[EventType "swiss"]
[EventRounds "7"]
[EventCountry "GER"]
[SourceTitle "EXT 2022"]
[Source "ChessBase"]
[SourceDate "2021.10.06"]
[SourceVersion "1"]
[SourceVersionDate "2021.10.06"]
[SourceQuality "1"]

1. d4 Nf6 2. Bf4 g6 3. Nc3 d5 4. f3 Bg7 5. Qd2 0-0 6. Bh6 c5 7. Bxg7 Kxg7 8. h4 cxd4 9. Qxd4 Nc6 10. Qd2 d4 11. Ne4 Nxe4 12. fxe4 Qa5 13. Qxa5 Nxa5 14. h5 e5 15. Nf3 f6 16. b3 b6 17. c3 dxc3 18. Rc1 Bb7 19. hxg6 hxg6 20. b4 Nc4 21. Rxc3 Rac8 22. e3 Nd6 23. Rd3 Rfd8 24. Nd2 Rc1+ 25. Kf2 Rc2 26. Kg1 Nf7 0-1

[Event "Niedersachsen-ch op-C"]
[Site "Verden"]
[Date "2017.01.07"]
[Round "6"]
[White "Pfeifer, Frank"]
[Black "Zucker, Stefan"]
[Result "1/2-1/2"]
[WhiteElo "1589"]
[BlackElo "1905"]
[PlyCount "33"]
[EventDate "2017.01.05"]
[EventType "swiss"]
[EventRounds "7"]
[EventCountry "GER"]
[SourceTitle "CBM 187 Extra"]
[Source "ChessBase"]
[SourceDate "2018.11.04"]
[SourceVersion "1"]
[SourceVersionDate "2018.11.04"]
[SourceQuality "1"]

1. e4 e5 2. Nc3 Nc6 3. a3 f5 4. Bc4 Nf6 5. f3 Bc5 6. Nge2 a6 7. d3 Bb6 8. Bg5 h6 9. Bxf6 Qxf6 10. Nd5 Qg6 11. g3 fxe4 12. dxe4 Rf8 13. Qd3 Qh5 14. f4 Nd4 15. Nxb6 cxb6 16. Nxd4 exd4 17. Qxd4 1/2-1/2

[Event "Niedersachsen-ch op-C"]
[Site "Verden"]
[Date "2017.01.06"]
[Round "4"]
[White "Brunner, Sophia"]
[Black "Zucker, Stefan"]
[Result "1-0"]
[WhiteElo "1619"]
[BlackElo "1905"]
[PlyCount "57"]
[EventDate "2017.01.05"]
[EventType "swiss"]
[EventRounds "7"]
[EventCountry "GER"]
[SourceTitle "CBM 187 Extra"]
[Source "ChessBase"]
[SourceDate "2018.11.04"]
[SourceVersion "1"]
[SourceVersionDate "2018.11.04"]
[SourceQuality "1"]

1. d4 Nf6 2. Bf4 e6 3. Qd2 Ne4 4. Qd3 f5 5. Nd2 Nf6 6. Ngf3 Be7 7. e4 fxe4 8. Nxe4 0-0 9. Neg5 b6 10. 0-0-0 Ba6 11. Qd2 Nd5 12. Be3 Rf5 13. h4 c5 14. Bxa6 Nxa6 15. g4 Rf6 16. Qd3 g6 17. Qxa6 h6 18. Qd3 Nb4 19. Qe2 Qf8 20. Ne5 Qc8 21. Ne4 cxd4 22. Nxf6+ Bxf6 23. Bxd4 Nxa2+ 24. Kb1 Nb4 25. Nxg6 Qc6 26. Bxf6 Qa4 27. Qc4 Kf7 28. Ne5+ Kxf6 29. Qf4+ 1-0

[Event "Hannover Region-ch"]
[Site "Hannover"]
[Date "2016.03.19"]
[Round "5"]
[White "Zucker, Stefan"]
[Black "Bartel, Reinhard"]
[Result "1-0"]
[WhiteElo "1895"]
[BlackElo "1577"]
[PlyCount "31"]
[EventDate "2016.01.16"]
[EventType "swiss"]
[EventRounds "7"]
[EventCountry "GER"]
[SourceTitle "EXT 2020"]
[Source "ChessBase"]
[SourceDate "2019.10.17"]
[SourceVersion "1"]
[SourceVersionDate "2019.10.17"]
[SourceQuality "1"]

1. Nc3 e5 2. Nf3 Nc6 3. d4 exd4 4. Nxd4 Nxd4 5. Qxd4 Qf6 6. Qd3 Bc5 7. e3 Ne7 8. Bd2 c6 9. Ne4 Qxb2 10. Rd1 Qb6 11. Qc4 d5 12. Qxc5 dxe4 13. Qe5 Bf5 14. Ba5 f6 15. Qc3 Nd5 16. Qa3 1-0

[Event "Niedersachsen-ch op-A"]
[Site "Verden"]
[Date "2015.01.04"]
[Round "5"]
[White "Zucker, Stefan"]
[Black "Helmer, Jan"]
[Result "1/2-1/2"]
[WhiteElo "1908"]
[BlackElo "1665"]
[PlyCount "65"]
[EventDate "2015.01.02"]
[EventType "swiss"]
[EventRounds "7"]
[EventCountry "GER"]
[SourceTitle "EXT 2018"]
[Source "ChessBase"]
[SourceDate "2017.10.13"]
[SourceVersion "1"]
[SourceVersionDate "2017.10.13"]
[SourceQuality "1"]

1. e4 e6 2. d4 d5 3. Be3 Nf6 4. f3 Be7 5. e5 Nfd7 6. f4 c5 7. c3 Qb6 8. b3 Nc6 9. Nf3 cxd4 10. cxd4 Bb4+ 11. Nbd2 f6 12. Bd3 fxe5 13. fxe5 Ndxe5 14. Nxe5 Nxe5 15. Qh5+ Nf7 16. 0-0 Rf8 17. Rad1 e5 18. Bxh7 Be6 19. Bg6 e4 20. Nb1 Ke7 21. a3 Bd6 22. h3 Qxb3 23. Rxf7+ Bxf7 24. Bg5+ Kd7 25. Bxf7 Rac8 26. Qg4+ Kc7 27. Rc1+ Kb8 28. Rxc8+ Rxc8 29. Nd2 Qa2 30. Bf4 Bxf4 31. Qxf4+ Ka8 32. Kh2 Qxa3 33. Bxd5 1/2-1/2

[Event "Niedersachsen-ch op-A"]
[Site "Verden"]
[Date "2015.01.03"]
[Round "3"]
[White "Zucker, Stefan"]
[Black "Ngo, Minh Duc"]
[Result "0-1"]
[WhiteElo "1908"]
[BlackElo "2020"]
[PlyCount "58"]
[EventDate "2015.01.02"]
[EventType "swiss"]
[EventRounds "7"]
[EventCountry "GER"]
[SourceTitle "EXT 2018"]
[Source "ChessBase"]
[SourceDate "2017.10.13"]
[SourceVersion "1"]
[SourceVersionDate "2017.10.13"]
[SourceQuality "1"]

1. e4 c5 2. f4 Nc6 3. Nf3 g6 4. c3 Bg7 5. Bc4 e6 6. 0-0 Nge7 7. d3 d5 8. Bb3 0-0 9. Nbd2 b6 10. Ng5 Ba6 11. Rf3 h6 12. Nh3 Rc8 13. Rg3 b5 14. a4 b4 15. c4 Nd4 16. exd5 exd5 17. cxd5 Nef5 18. Bc4 Bb7 19. d6 Qxd6 20. Ne4 Bxe4 21. dxe4 Nxg3 22. hxg3 Rcd8 23. Bd5 Kh7 24. Be3 f5 25. Kf2 fxe4 26. Ng5+ Kh8 27. Nf7+ Rxf7 28. Bxf7 Qf6 29. Bc4 Nf5 0-1

[Event "Hannover Region-ch"]
[Site "Hannover"]
[Date "2014.03.01"]
[Round "3"]
[White "Kiesel, Harald"]
[Black "Zucker, Stefan"]
[Result "1-0"]
[WhiteElo "2134"]
[BlackElo "1916"]
[PlyCount "69"]
[EventDate "2014.02.01"]
[EventType "swiss"]
[EventRounds "7"]
[EventCountry "GER"]
[SourceTitle "EXT 2021"]
[Source "ChessBase"]
[SourceDate "2020.10.23"]
[SourceVersion "1"]
[SourceVersionDate "2020.10.23"]
[SourceQuality "1"]

1. e4 d6 2. d4 Nf6 3. Nc3 e5 4. Nf3 exd4 5. Nxd4 Be7 6. Bc4 c6 7. a4 a5 8. 0-0 0-0 9. Bf4 Re8 10. Qd2 Bf8 11. Rfe1 Nbd7 12. Rad1 Ne5 13. Bb3 Bg4 14. f3 Bh5 15. Nf5 Qb6+ 16. Be3 Qc7 17. Qf2 Bg6 18. Nh4 Bh5 19. Rd2 h6 20. Red1 g5 21. Nf5 d5 22. Bb6 Qc8 23. Ng3 Bb4 24. exd5 c5 25. d6 Ned7 26. Bc7 c4 27. Bxc4 Bc5 28. Rd4 Bg6 29. Nge4 Nxe4 30. Nxe4 Bxe4 31. fxe4 Rf8 32. Qf5 Kg7 33. c3 Qe8 34. Bb5 Qe5 35. Bxd7 1-0

[Event "Niedersachsen-ch op-A"]
[Site "Verden"]
[Date "2014.01.02"]
[Round "1"]
[White "Hoppe, Andreas"]
[Black "Zucker, Stefan"]
[Result "0-1"]
[WhiteElo "1715"]
[BlackElo "1916"]
[PlyCount "60"]
[EventDate "2014.01.02"]
[EventType "swiss"]
[EventRounds "7"]
[EventCountry "GER"]
[SourceTitle "EXT 2016"]
[Source "ChessBase"]
[SourceDate "2015.10.08"]
[SourceVersion "1"]
[SourceVersionDate "2015.10.08"]
[SourceQuality "1"]

1. e4 Nf6 2. e5 Nd5 3. d4 d6 4. c4 Nb6 5. exd6 exd6 6. Bd3 Nc6 7. Ne2 Bg4 8. f3 Bh5 9. 0-0 Qh4 10. Be3 Bg6 11. Nbc3 0-0-0 12. a3 d5 13. c5 Nd7 14. b4 Ne7 15. b5 Nf5 16. Bf2 Qh6 17. Bxf5 Bxf5 18. a4 g5 19. a5 g4 20. fxg4 Bxg4 21. Qa4 Rg8 22. Bg3 Bxe2 23. Nxe2 Qe3+ 24. Rf2 Nxc5 25. dxc5 Bxc5 26. Qc2 Rde8 27. Kh1 Rxg3 28. Qf5+ Kb8 29. Qxf7 Rgg8 30. Raf1 Qg5 0-1